| 000 | 00835nam a2200265 a 4500 | ||
|---|---|---|---|
| 003 | DO-SdBNP | ||
| 005 | 20240412074309.0 | ||
| 007 | ta | ||
| 008 | 220408e2019 dr ||||er|||| 00| pdspa d | ||
| 020 | _a9789945484281 | ||
| 040 |
_aDO-SdBNP _bspa _cBNPHU |
||
| 082 | 4 |
_222 _bR175e |
|
| 100 | 1 |
_943558 _aRamos, Bladimir, _d1991 |
|
| 245 | 1 | 0 |
_aEloísa / _cBladimir Ramos; Editore, Ramón Mesa, Ysabel Florentino |
| 260 |
_aSanto Domingo : _bMontaño, _c2016 |
||
| 300 |
_a59 p. ; _c23 cm. |
||
| 500 | _aIncluye datos biográficos del autor en la solapa de la cubierta. | ||
| 590 | _aInventariado 2022 / MF | ||
| 650 | 0 |
_aLiteratura dominicana. _967 |
|
| 650 | 4 |
_976127 _aPoesía Amorosa Dominicana |
|
| 700 | 1 |
_943164 _aMesa, Ramón _eed. |
|
| 700 | 1 |
_aFlorentino, Ysabel, _d1981- _eed. _943165 |
|
| 910 | _aMFeliz | ||
| 942 |
_2ddc _cLBS1 |
||
| 999 |
_c51509 _d51509 |
||